| 000 | 00765nam a22002057a 4500 | ||
|---|---|---|---|
| 005 | 20250409101253.0 | ||
| 010 | _aENG-144548 | ||
| 020 |
_a9789354730474 _c600.00 |
||
| 035 | _aEN-128080 | ||
| 037 | _bDBAD | ||
| 082 | _a341 | ||
| 245 |
_aConstitutionalism, International Law & Public Policy: _b2021 Ahead/ _cEdited By Sourabh Ubale Omar Vera Muniz [and] Eduardo Rezkalah |
||
| 260 |
_aPune _bMarathwada Mitra Mandal's Shankarrao Chavan law College _c2021 |
||
| 270 |
_aMarathwada Mitra Mandal's Shankarrao Chavan law College _bPune |
||
| 300 |
_a236p. _c19cm(pb) |
||
| 700 |
_a Sourabh Ubale _956658 _eEditor |
||
| 700 |
_aOmar Vera Muniz [and] _eEditor _980468 |
||
| 700 |
_aEduardo Rezkalah _eEditor _980469 |
||
| 942 |
_2ddc _cEN _h341 _mCON |
||
| 999 |
_c210891 _d210891 |
||